[Event "DRUGA LIGA CENTRALNE SRBIJE 2011 - ZAPAD"]
[Site "?"]
[Date "2011.10.14"]
[Round "8.1"]
[White "Milosevic, Zoran"]
[Black "Zivkovic, Sava"]
[Result "0-1"]
[WhiteElo "2280"]
[BlackElo "2302"]
[PlyCount "74"]
[EventDate "2011.09.11"]

1. d4 d5 2. Nf3 Nf6 3. c4 c6 4. Nc3 a6 5. a4 e6 6. Bg5 Nbd7 7. e3 Qa5 8. cxd5
cxd5 9. Qb3 Ne4 10. Bh4 Bb4 11. Rc1 Nb6 12. Bd3 Qxa4 13. Qc2 Qxc2 14. Rxc2 Na4
15. Bxe4 dxe4 16. Nd2 Bd7 17. O-O Rc8 18. Ndxe4 f5 19. Ng5 Nxc3 20. bxc3 Rxc3
21. Rxc3 Bxc3 22. Rc1 Ba5 23. Nf3 O-O 24. Ne5 Rc8 25. Rb1 Bb5 26. Be7 Rc2 27.
g4 fxg4 28. Nxg4 Bd2 29. Ne5 Rc1+ 30. Rxc1 Bxc1 31. Bb4 b6 32. Bc3 a5 33. Nf3
a4 34. Ne1 a3 35. Nc2 Bb2 36. Nxa3 Bxa3 37. f3 Bc4 0-1

[Event "DRUGA LIGA CENTRALNE SRBIJE 2011 - ZAPAD"]
[Site "?"]
[Date "2011.10.14"]
[Round "8.1"]
[White "Ignjatovic, Predrag"]
[Black "Bosiljcic, Zoran"]
[Result "1-0"]
[WhiteElo "2285"]
[BlackElo "2172"]
[PlyCount "43"]
[EventDate "2011.09.11"]

1. e4 e5 2. Nf3 Nc6 3. d4 exd4 4. Nxd4 Bc5 5. Nb3 Bb6 6. Nc3 Qf6 7. Qe2 Nge7 8.
Bd2 O-O 9. f4 d5 10. O-O-O dxe4 11. Nxe4 Qg6 12. h3 Bf5 13. Re1 a5 14. a4 Nd5
15. g4 Bxe4 16. Qxe4 Qxe4 17. Rxe4 Nf6 18. Re1 Nb4 19. Bg2 c6 20. Re7 Rab8 21.
Rhe1 Nbd5 22. R7e2 1-0

[Event "DRUGA LIGA CENTRALNE SRBIJE 2011 - ZAPAD"]
[Site "?"]
[Date "2011.10.14"]
[Round "8.1"]
[White "Cubrakovic, Velibor"]
[Black "Ljubinkovic, Miodrag"]
[Result "1-0"]
[WhiteElo "2219"]
[BlackElo "2275"]
[PlyCount "57"]
[EventDate "2011.09.11"]

1. e4 c6 2. d4 d5 3. exd5 cxd5 4. Bd3 Nf6 5. c3 Nc6 6. Bf4 e6 7. Nf3 Bd6 8.
Bxd6 Qxd6 9. O-O O-O 10. Re1 h6 11. Ne5 Ne8 12. Nd2 Nxe5 13. Rxe5 Qb6 14. Qb3
Qxb3 15. axb3 Nc7 16. b4 Bd7 17. Nb3 b6 18. Ree1 Bc6 19. Ra3 Bb7 20. b5 a5 21.
bxa6 Bxa6 22. Bxa6 Nxa6 23. Rea1 Nc7 24. Ra7 Rfb8 25. Rxc7 Rxa1+ 26. Nxa1 Ra8
27. Nc2 Ra2 28. g4 Rxb2 29. Ne3 1-0

[Event "DRUGA LIGA CENTRALNE SRBIJE 2011 - ZAPAD"]
[Site "?"]
[Date "2011.10.14"]
[Round "8.1"]
[White "Zivkovic, Dejan"]
[Black "Pecinar, Zoran"]
[Result "0-1"]
[WhiteElo "2289"]
[BlackElo "2150"]
[PlyCount "65"]
[EventDate "2011.09.11"]

1. d4 Nf6 2. Nf3 g6 3. Bg5 Bg7 4. Nbd2 O-O 5. e4 d6 6. c3 Nbd7 7. Bc4 c6 8. O-O
Qc7 9. Re1 e5 10. dxe5 dxe5 11. Qc2 Nb6 12. Bf1 Bg4 13. h3 Bxf3 14. Nxf3 Rad8
15. a4 Rd7 16. Nd2 h6 17. Be3 Rfd8 18. a5 Nc8 19. Nc4 Nh5 20. g3 Nf6 21. Be2
Qb8 22. f4 Ne8 23. Kg2 Kh7 24. h4 b5 25. axb6 Nxb6 26. Nxe5 Bxe5 27. fxe5 Qxe5
28. Bd4 Qc7 29. Bg4 Re7 30. Qf2 Qb8 31. h5 g5 32. Qf5+ Kg8 33. b4 0-1

[Event "DRUGA LIGA CENTRALNE SRBIJE 2011 - ZAPAD"]
[Site "?"]
[Date "2011.10.14"]
[Round "8.2"]
[White "Bujisic, Vlastimir"]
[Black "Stojanovic, Dobrisav"]
[Result "1/2-1/2"]
[WhiteElo "2238"]
[BlackElo "2334"]
[PlyCount "23"]
[EventDate "2011.09.11"]

1. e4 e5 2. Nf3 Nc6 3. d4 exd4 4. Nxd4 Bc5 5. Be3 Qf6 6. c3 Nge7 7. g3 O-O 8.
Bg2 Ne5 9. O-O d6 10. Nc2 Bxe3 11. Nxe3 Qg6 12. Na3 1/2-1/2

[Event "DRUGA LIGA CENTRALNE SRBIJE 2011 - ZAPAD"]
[Site "?"]
[Date "2011.10.14"]
[Round "8.2"]
[White "Marcetic, Predrag"]
[Black "Marinkovic, Zoran"]
[Result "1-0"]
[WhiteElo "2237"]
[BlackElo "2271"]
[PlyCount "70"]
[EventDate "2011.09.11"]

1. e4 c5 2. Nf3 g6 3. c3 Nf6 4. e5 Nd5 5. d4 cxd4 6. Qxd4 Nc7 7. Bc4 Bg7 8. Qh4
d5 9. Bd3 Nc6 10. Bh6 Ne6 11. Bxg7 Nxg7 12. Qh6 Ne6 13. O-O Qc7 14. Re1 Bd7 15.
b4 O-O-O 16. h4 f6 17. Qe3 Rhe8 18. Na3 Nxe5 19. Nxe5 fxe5 20. Qxa7 e4 21. Nb5
Qb8 22. Qb6 Bxb5 23. Bxb5 Rd6 24. Qe3 Rf8 25. c4 Nc7 26. a4 Rdf6 27. cxd5 Rxf2
28. Rac1 Kd8 29. Qxe4 R8f7 30. Rc5 Nxb5 31. Rxb5 Qc7 32. Rc5 Qf4 33. Qxf4 R2xf4
34. Rb5 Rxh4 35. Rxb7 Rhf4 1-0

[Event "DRUGA LIGA CENTRALNE SRBIJE 2011 - ZAPAD"]
[Site "?"]
[Date "2011.10.14"]
[Round "8.2"]
[White "Zecevic, Igor"]
[Black "Vasic, Vladimir"]
[Result "0-1"]
[WhiteElo "1913"]
[BlackElo "2209"]
[PlyCount "96"]
[EventDate "2011.09.11"]

1. d4 d5 2. c4 dxc4 3. e3 e5 4. Bxc4 exd4 5. exd4 Nc6 6. Ne2 Nf6 7. O-O Bd6 8.
Bg5 Bxh2+ 9. Kxh2 Ng4+ 10. Kg1 Qxg5 11. Qd3 O-O 12. Qg3 Qf6 13. Nbc3 Nxd4 14.
Nd5 Nxe2+ 15. Bxe2 Qe5 16. Qxe5 Nxe5 17. Nxc7 Rb8 18. f4 Bg4 19. Bb5 Rfc8 20.
Rac1 Nc6 21. Nd5 Kf8 22. Nc3 Nd4 23. Bd3 Bf5 24. Bxf5 Nxf5 25. Kf2 Rc4 26. Ne2
Rbc8 27. Rfd1 Rxc1 28. Rxc1 Rxc1 29. Nxc1 h5 30. Nd3 Ke7 31. Kf3 Nd6 32. Ke3
Ke6 33. Kf3 Kd5 34. Ke3 Nc4+ 35. Ke2 Kd4 36. b3 Nd6 37. Ne5 Ke4 38. Nd3 h4 39.
a3 Nb5 40. a4 Nd4+ 41. Kd2 Nxb3+ 42. Kc3 Na5 43. Nc5+ Kxf4 44. Kb4 Nc6+ 45. Kb5
Nd8 46. a5 Kg3 47. Nxb7 Nxb7 48. Ka6 Nxa5 0-1

[Event "DRUGA LIGA CENTRALNE SRBIJE 2011 - ZAPAD"]
[Site "?"]
[Date "2011.10.14"]
[Round "8.2"]
[White "Bezarevic, Branko"]
[Black "Vasilic, Mihailo"]
[Result "1/2-1/2"]
[WhiteElo "2176"]
[BlackElo "2044"]
[PlyCount "33"]
[EventDate "2011.09.11"]

1. e4 e5 2. Nf3 Nc6 3. Bb5 Nf6 4. d3 d6 5. h3 h6 6. c3 Bd7 7. Nbd2 a6 8. Ba4 b5
9. Bc2 g5 10. Nf1 Bg7 11. Ne3 Ne7 12. d4 Ng6 13. Nf5 O-O 14. O-O Re8 15. Re1
Qc8 16. g4 Nh7 17. a4 1/2-1/2

[Event "DRUGA LIGA CENTRALNE SRBIJE 2011 - ZAPAD"]
[Site "?"]
[Date "2011.10.14"]
[Round "8.2"]
[White "Mijanovic, Dragan"]
[Black "Vuckovic, Lidija"]
[Result "1-0"]
[WhiteElo "2070"]
[BlackElo "1752"]
[PlyCount "67"]
[EventDate "2011.09.11"]

1. d4 Nf6 2. Nf3 c5 3. b3 g6 4. Bb2 Bg7 5. e3 O-O 6. Nbd2 cxd4 7. Nxd4 d5 8.
Be2 a6 9. a4 Re8 10. O-O e5 11. N4f3 Nc6 12. c4 dxc4 13. Nxc4 Qxd1 14. Rfxd1 e4
15. Nd4 Nxd4 16. Bxd4 Be6 17. Nb6 Rad8 18. Bc4 Bxc4 19. Nxc4 Nd5 20. Rac1 Nb4
21. Bxg7 Kxg7 22. Nd6 Rf8 23. Nxe4 b5 24. axb5 axb5 25. Nd6 Na2 26. Rc2 Ra8 27.
Nxb5 Rfb8 28. Nd4 Nb4 29. Rcc1 Ra2 30. h4 Rb6 31. Rc4 h6 32. Nf3 Rb2 33. Rd7
Na6 34. Rf4 1-0

[Event "DRUGA LIGA CENTRALNE SRBIJE 2011 - ZAPAD"]
[Site "?"]
[Date "2011.10.14"]
[Round "8.3"]
[White "Urosevic, Radojko"]
[Black "Panic, Nenad"]
[Result "0-1"]
[WhiteElo "2230"]
[BlackElo "2350"]
[PlyCount "71"]
[EventDate "2011.09.11"]

1. e4 c5 2. Nf3 e6 3. d4 cxd4 4. Nxd4 a6 5. Nc3 Qc7 6. a3 Nf6 7. g3 Nc6 8. Be3
Na5 9. Qd3 b5 10. Bg2 Nc4 11. Bc1 Bb7 12. O-O Be7 13. Nde2 h5 14. Bf4 d6 15. b3
Ne5 16. Bxe5 dxe5 17. h3 Rd8 18. Qe3 Bc5 19. Qf3 Ke7 20. b4 Bd4 21. Rad1 g5 22.
g4 hxg4 23. hxg4 Rh4 24. Rd3 Rxg4 25. Ng3 Rf4 26. Qe2 Bxc3 27. Rxd8 Qxd8 28.
Nh5 Nxh5 29. Qxh5 Qg8 30. Qe2 Kf6 31. Qd3 Qc8 32. Qh3 Kg6 33. Bf3 Rh4 34. Qg3
Bd4 35. Rd1 Qxc2 36. Rd3 0-1

[Event "DRUGA LIGA CENTRALNE SRBIJE 2011 - ZAPAD"]
[Site "?"]
[Date "2011.10.14"]
[Round "8.3"]
[White "Jovanovic, Dusan D"]
[Black "Sredojevic, Srdjan"]
[Result "1-0"]
[WhiteElo "2366"]
[BlackElo "2203"]
[PlyCount "77"]
[EventDate "2011.09.11"]

1. Nf3 d5 2. c4 Nf6 3. g3 c6 4. b3 Bg4 5. Bg2 Nbd7 6. Bb2 e6 7. O-O Be7 8. d3
O-O 9. Nbd2 Re8 10. a3 a5 11. Qc2 Bf8 12. Bc3 e5 13. e4 d4 14. Bb2 h6 15. Bc1
Bd6 16. h3 Be6 17. Nh4 Nc5 18. Ndf3 a4 19. b4 Nb3 20. Rb1 Qd7 21. g4 Nxc1 22.
Qxc1 g5 23. Nxg5 Bxg4 24. hxg4 Qxg4 25. Nf5 Bf8 26. Nh3 Kh7 27. f4 Nh5 28. Qd1
Qxd1 29. Rbxd1 Nf6 30. Bf3 b6 31. Kf2 Rad8 32. Rh1 exf4 33. Rdg1 Rd7 34. Ng5+
Kh8 35. Nxh6 Bxh6 36. Rxh6+ Kg7 37. Rh4 Kf8 38. Rxf4 Ng8 39. Nxf7 1-0

[Event "DRUGA LIGA CENTRALNE SRBIJE 2011 - ZAPAD"]
[Site "?"]
[Date "2011.10.14"]
[Round "8.3"]
[White "Bojanic, Bratislav"]
[Black "Popovic, Predrag R"]
[Result "1-0"]
[WhiteElo "2250"]
[BlackElo "2248"]
[PlyCount "84"]
[EventDate "2011.09.11"]

1. e4 e6 2. d4 d5 3. Nd2 Nf6 4. e5 Ng8 5. c3 c5 6. Bd3 Nc6 7. Ne2 h5 8. f4 Nh6
9. Nf3 Be7 10. O-O Bd7 11. Bd2 Qb6 12. Kh1 cxd4 13. Nfxd4 Nxd4 14. cxd4 g6 15.
a4 a5 16. h3 Rc8 17. Bc3 Nf5 18. Qd2 Bb4 19. Bxb4 Qxb4 20. Qxb4 axb4 21. Bxf5
exf5 22. Rfc1 Ke7 23. b3 Rxc1+ 24. Rxc1 Ra8 25. Ra1 Bb5 26. Nc1 Ke6 27. Na2 Be2
28. Nxb4 Rc8 29. Kg1 Rc3 30. Rb1 Bd3 31. Rb2 Be4 32. a5 Rc1+ 33. Kf2 Rd1 34. a6
bxa6 35. Nxa6 Rxd4 36. b4 Rc4 37. b5 d4 38. b6 Bb7 39. Nc7+ Kd7 40. Nb5 d3 41.
Ke3 Rc2 42. Rb3 Rxg2 1-0

[Event "DRUGA LIGA CENTRALNE SRBIJE 2011 - ZAPAD"]
[Site "?"]
[Date "2011.10.14"]
[Round "8.3"]
[White "Rihterovic, Milan"]
[Black "Drcelic, Sreten"]
[Result "1-0"]
[WhiteElo "2245"]
[BlackElo "2235"]
[PlyCount "89"]
[EventDate "2011.09.11"]

1. d4 d6 2. c4 c6 3. Nf3 Nd7 4. Bg5 Qc7 5. Nc3 e5 6. e3 Ngf6 7. Qc2 g6 8. Be2
Bg7 9. O-O O-O 10. Rfd1 Re8 11. Rac1 a5 12. b3 b6 13. h3 Ba6 14. Bf1 Bf8 15.
Rd2 Be7 16. Rcd1 Bb7 17. Bh4 Rad8 18. Bg3 Nh5 19. Bh2 f6 20. g4 Ng7 21. Bg2 Bc8
22. a3 f5 23. gxf5 gxf5 24. b4 axb4 25. axb4 e4 26. Ne1 Qb7 27. Qb3 Kh8 28. Ra2
Nf6 29. Rda1 Be6 30. Ra7 Qc8 31. d5 Bf7 32. Bf1 Rd7 33. R7a6 Rb7 34. Ng2 Qc7
35. Nf4 Rc8 36. Qd1 h6 37. dxc6 Qxc6 38. Nb5 Rd8 39. Qd4 Kh7 40. Kh1 Nd7 41.
Rd1 Ne5 42. Nd5 Bh5 43. Bxe5 Bxd1 44. Nxe7 Bf3+ 45. Kh2 1-0

[Event "DRUGA LIGA CENTRALNE SRBIJE 2011 - ZAPAD"]
[Site "?"]
[Date "2011.10.14"]
[Round "8.3"]
[White "Ivanovic, Dragoslav"]
[Black "Janjos, Slavisa"]
[Result "0-1"]
[WhiteElo "2136"]
[BlackElo "2154"]
[PlyCount "98"]
[EventDate "2011.09.11"]

1. e4 e5 2. Nf3 Nc6 3. Bb5 Nf6 4. d3 Bc5 5. c3 d6 6. h3 a6 7. Ba4 O-O 8. Nbd2
Ba7 9. Nf1 Ne7 10. Ng3 Ng6 11. O-O c6 12. Bb3 Be6 13. Bxe6 fxe6 14. d4 exd4 15.
Nxd4 Qd7 16. Be3 d5 17. Qc2 c5 18. Nf3 Qc6 19. Rad1 Bb8 20. exd5 exd5 21. Qf5
Bxg3 22. fxg3 Rad8 23. Ng5 Rfe8 24. Bf4 Re2 25. Rd2 Rde8 26. Rf2 Re1+ 27. Kh2
Nxf4 28. Rxf4 R1e5 29. Qd3 Rxg5 30. Rdf2 Rge5 31. g4 Qd6 32. g3 Re3 33. Qf5
R3e5 34. Qd3 Qe6 35. Qf1 Re2 36. g5 Rxf2+ 37. Rxf2 Ne4 38. Rf5 Qd6 39. Qd3 Re5
40. Rf4 Nxg5 41. h4 Ne4 42. c4 Nf6 43. cxd5 Rxd5 44. Qb3 b5 45. Qf3 Rd2+ 46.
Kg1 Rd1+ 47. Kh2 Rd2+ 48. Kg1 h5 49. Qe3 Qd5 0-1

[Event "DRUGA LIGA CENTRALNE SRBIJE 2011 - ZAPAD"]
[Site "?"]
[Date "2011.10.14"]
[Round "8.5"]
[White "Colovic, Dusan"]
[Black "Aleksic, Milan"]
[Result "1-0"]
[WhiteElo "2346"]
[BlackElo "2232"]
[PlyCount "73"]
[EventDate "2011.09.11"]

1. d4 Nf6 2. Nc3 d5 3. Bf4 g6 4. e3 Bg7 5. Nf3 Nh5 6. Bg5 b6 7. Be2 Bb7 8. Qd2
Nd7 9. O-O-O a6 10. Rhg1 Nhf6 11. Ne5 e6 12. f4 b5 13. a3 Qc8 14. g4 c5 15.
Bxf6 Bxf6 16. Nxd7 Qxd7 17. dxc5 Qc7 18. b4 O-O 19. Bd3 Bc6 20. Nb1 a5 21. c3
axb4 22. axb4 Rfd8 23. h4 e5 24. g5 Bh8 25. f5 e4 26. Bc2 gxf5 27. Qf2 Qe5 28.
Rd4 f4 29. Rgd1 fxe3 30. Qxe3 Re8 31. Bb3 Qh2 32. R1d2 Qh1+ 33. Kc2 Bxd4 34.
Rxd4 Qxh4 35. Bxd5 Bxd5 36. Rxd5 Ra2+ 37. Kb3 1-0

[Event "DRUGA LIGA CENTRALNE SRBIJE 2011 - ZAPAD"]
[Site "?"]
[Date "2011.10.14"]
[Round "8.5"]
[White "Markovic, Sasa"]
[Black "Irizanin, Radoje"]
[Result "0-1"]
[WhiteElo "2164"]
[BlackElo "2338"]
[PlyCount "79"]
[EventDate "2011.09.11"]

1. Nf3 c5 2. g3 Nc6 3. c4 g6 4. Bg2 Bg7 5. O-O d6 6. Nc3 e5 7. d3 Nge7 8. Bg5
O-O 9. a3 a5 10. Rb1 f6 11. Bd2 Be6 12. e4 h6 13. Nd5 f5 14. Ne1 fxe4 15. dxe4
Nd4 16. b3 Nxd5 17. cxd5 Bd7 18. Bc3 Bb5 19. Nd3 Ba6 20. Bxd4 exd4 21. a4 b5
22. axb5 Bxb5 23. Re1 a4 24. e5 axb3 25. Qxb3 Ba6 26. Nf4 c4 27. Qa4 dxe5 28.
Ne6 Qf6 29. f4 c3 30. Rbd1 Be2 31. Qc2 Bxd1 32. Rxd1 exf4 33. gxf4 Rfb8 34. Rb1
Rxb1+ 35. Qxb1 d3 36. Qxd3 Ra1+ 37. Bf1 Qf5 38. Qc4 Qb1 39. Nc5 Bd4+ 40. Kg2
0-1

[Event "DRUGA LIGA CENTRALNE SRBIJE 2011 - ZAPAD"]
[Site "?"]
[Date "2011.10.14"]
[Round "8.5"]
[White "Mirkovic, Stevan"]
[Black "Jovanovic, Miroslav O"]
[Result "1-0"]
[WhiteElo "2237"]
[BlackElo "2093"]
[PlyCount "84"]
[EventDate "2011.09.11"]

1. Nf3 c5 2. c4 e6 3. Nc3 Nf6 4. d4 cxd4 5. Nxd4 a6 6. e4 d6 7. Be2 Be7 8. O-O
Qc7 9. Be3 Nbd7 10. Rc1 b6 11. Qd2 Bb7 12. f3 O-O 13. a3 Rac8 14. b4 Qb8 15.
Rc2 Bd8 16. Kh1 Bc7 17. Bg1 Rfe8 18. Na4 Qa8 19. Nb2 Bb8 20. Rb1 d5 21. exd5
exd5 22. Nf5 h6 23. c5 bxc5 24. bxc5 Bc6 25. Qa5 Bc7 26. Qxa6 Qxa6 27. Bxa6 Ra8
28. Bf1 Rxa3 29. Nd4 Ba4 30. Nxa4 Rxa4 31. Nb5 Rc8 32. Nxc7 Rxc7 33. c6 Ne5 34.
Rb7 Rxc6 35. Rxc6 Nxc6 36. Bb5 Rc4 37. Bxc4 dxc4 38. Rc7 Ne5 39. Bd4 Ned7 40.
Rc8+ Kh7 41. Rxc4 Kg6 42. Rc7 Nf8 1-0

[Event "DRUGA LIGA CENTRALNE SRBIJE 2011 - ZAPAD"]
[Site "?"]
[Date "2011.10.14"]
[Round "8.5"]
[White "Radovanovic, Slavko"]
[Black "Gavrilovic, Leonardo"]
[Result "1/2-1/2"]
[WhiteElo "2166"]
[BlackElo "2262"]
[PlyCount "120"]
[EventDate "2011.09.11"]

1. e4 c5 2. c3 Nf6 3. d3 Nc6 4. f4 d6 5. Nf3 g6 6. Be2 Bg7 7. O-O O-O 8. a4 Rb8
9. Na3 a6 10. Nc2 b5 11. axb5 axb5 12. Ne3 b4 13. Bd2 Ng4 14. Nxg4 Bxg4 15. Qc2
Qb6 16. Kh1 Ra8 17. h3 Bd7 18. Rfc1 Rfb8 19. Kh2 Ra5 20. Qd1 Rba8 21. Ne1 Qa7
22. Rxa5 Qxa5 23. Nc2 bxc3 24. bxc3 Rb8 25. Ne3 e6 26. Bf3 Qc7 27. Kh1 f5 28.
Rb1 Rf8 29. exf5 gxf5 30. Qb3 Rb8 31. Qa2 Rxb1+ 32. Qxb1 d5 33. Nd1 Bh6 34. Qc1
Na5 35. Qa3 c4 36. Qe7 Nc6 37. Qh4 Bg7 38. dxc4 dxc4 39. Ne3 Qd6 40. Qe1 Qxf4
41. Nd5 Qd6 42. Nb6 Ne5 43. Bf4 Bb5 44. Qg3 Qxb6 45. Bxe5 Qa7 46. Bxg7 Qxg7 47.
Qb8+ Kf7 48. Qxb5 Qxc3 49. Qb7+ Kg6 50. Qc7 Qe1+ 51. Kh2 c3 52. Bc6 Qd2 53.
Be8+ Kf6 54. Qf7+ Ke5 55. Qg7+ Kd6 56. Qd7+ Ke5 57. Qg7+ Kd6 58. Qd7+ Ke5 59.
Qc7+ Kf6 60. Qf7+ Ke5 1/2-1/2

[Event "DRUGA LIGA CENTRALNE SRBIJE 2011 - ZAPAD"]
[Site "?"]
[Date "2011.10.14"]
[Round "8.6"]
[White "Kahrovic, Mersid"]
[Black "Kostic, Vladimir G"]
[Result "0-1"]
[WhiteElo "2277"]
[BlackElo "2433"]
[PlyCount "88"]
[EventDate "2011.09.11"]

1. c4 e6 2. g3 c6 3. Bg2 d5 4. cxd5 cxd5 5. Nf3 Nc6 6. O-O Nf6 7. b3 Be7 8. Bb2
O-O 9. d3 a5 10. Nc3 Qb6 11. e3 Bd7 12. Qe2 Rfc8 13. Rac1 Be8 14. e4 dxe4 15.
dxe4 Nb4 16. Rfd1 Rd8 17. Ba1 Ng4 18. Nd4 Ne5 19. Na4 Bxa4 20. bxa4 Bf6 21. Rb1
Ng6 22. Nb5 Bxa1 23. Rxa1 Ne5 24. a3 Nbd3 25. Bf1 h5 26. h3 h4 27. gxh4 Rac8
28. Rab1 Qc5 29. Qe3 Qxe3 30. fxe3 Nc5 31. Bg2 Rxd1+ 32. Rxd1 Nxa4 33. Kf2 Nc3
34. Nxc3 Rxc3 35. Rb1 Rxa3 36. Rxb7 Ra2+ 37. Kg3 Nc4 38. Bf1 Nxe3 39. Bb5 Rb2
40. Kf4 Nc4 41. Rc7 e5+ 42. Kg3 Rb3+ 43. Kh2 Nd6 44. Bd7 Rb7 0-1

[Event "DRUGA LIGA CENTRALNE SRBIJE 2011 - ZAPAD"]
[Site "?"]
[Date "2011.10.14"]
[Round "8.6"]
[White "Brkljaca, Ante"]
[Black "Dumic, Marko"]
[Result "1-0"]
[WhiteElo "2319"]
[BlackElo "2249"]
[PlyCount "83"]
[EventDate "2011.09.11"]

1. d4 d5 2. Nf3 Nf6 3. c4 e6 4. Nc3 Be7 5. Bg5 h6 6. Bh4 O-O 7. e3 b6 8. Bd3
Bb7 9. O-O Nbd7 10. Rc1 dxc4 11. Bxc4 c5 12. Qe2 Ne4 13. Nxe4 Bxh4 14. Nc3 Bf6
15. Rfd1 Qe7 16. d5 exd5 17. Bxd5 Bxc3 18. Bxb7 Rab8 19. Rxc3 Rxb7 20. Qb5 Nb8
21. Rcd3 a6 22. Qc4 b5 23. Qg4 Rb6 24. Rd5 Rg6 25. Qh3 Nc6 26. Nh4 Rf6 27. Nf5
Qa7 28. Rd6 Rg6 29. Rxg6 fxg6 30. Rd7 Rxf5 31. Rxa7 Nxa7 32. e4 Rf6 33. e5 Rf5
34. Qe3 Nc6 35. f4 Nd4 36. b4 Rxf4 37. bxc5 Ne6 38. c6 Rc4 39. Qb6 Kh7 40. Qxa6
Rc5 41. Qb6 Rxe5 42. c7 1-0

[Event "DRUGA LIGA CENTRALNE SRBIJE 2011 - ZAPAD"]
[Site "?"]
[Date "2011.10.14"]
[Round "8.6"]
[White "Brajovic, Miroljub"]
[Black "Ilic, Dragan M"]
[Result "1-0"]
[WhiteElo "2159"]
[BlackElo "2388"]
[PlyCount "67"]
[EventDate "2011.09.11"]

1. e4 e6 2. d4 d5 3. exd5 exd5 4. Bd3 Bd6 5. Nf3 Ne7 6. Bg5 f6 7. Bh4 Bg4 8.
Bg3 Nbc6 9. c3 Qd7 10. Nbd2 O-O-O 11. Qc2 Qe6+ 12. Kd1 Kb8 13. Kc1 h5 14. Re1
Qd7 15. b4 g5 16. Kb2 Nc8 17. h3 Be6 18. Nb3 h4 19. Bxd6 cxd6 20. b5 N6e7 21.
Re2 g4 22. hxg4 Bxg4 23. Nbd2 h3 24. gxh3 Rxh3 25. Ng1 Rxd3 26. Qxd3 Bf5 27.
Qe3 Qxb5+ 28. Kc1 Qa4 29. Nb3 Qa3+ 30. Kd1 Rd7 31. Qf4 Rc7 32. Rc1 a5 33. Nf3
a4 34. Na1 1-0

[Event "DRUGA LIGA CENTRALNE SRBIJE 2011 - ZAPAD"]
[Site "?"]
[Date "2011.10.14"]
[Round "8.6"]
[White "Gosic, Bogdan"]
[Black "Musovic, Sabrija"]
[Result "1-0"]
[WhiteElo "2318"]
[BlackElo "2140"]
[PlyCount "121"]
[EventDate "2011.09.11"]

1. e4 c5 2. Nf3 d6 3. d4 cxd4 4. Nxd4 Nf6 5. Nc3 a6 6. Bg5 e6 7. f4 Be7 8. Qf3
Qc7 9. O-O-O Nbd7 10. g4 b5 11. a3 Bb7 12. Bxf6 gxf6 13. f5 e5 14. Nde2 Nb6 15.
h4 h6 16. Bh3 O-O-O 17. g5 hxg5 18. hxg5 Kb8 19. g6 Bf8 20. Kb1 Bh6 21. Rd3 Nc4
22. Rhd1 Bg5 23. Bg4 Rh6 24. Bh5 fxg6 25. fxg6 Rdh8 26. Ng3 Rd8 27. Nf5 Rhh8
28. g7 Rhg8 29. Bg6 Bc6 30. Bh7 Rxg7 31. Nxg7 Qxg7 32. Bf5 Qe7 33. Qf2 Qa7 34.
Qxa7+ Kxa7 35. Be6 Ne3 36. Rg1 Nc4 37. Ka2 Kb6 38. b3 Na5 39. Rh1 Nb7 40. b4 a5
41. Rh7 Bc1 42. Bd5 axb4 43. Bxc6 Kxc6 44. Nd5 Rd7 45. Rxd7 Kxd7 46. axb4 Bg5
47. Rh3 Nd8 48. Rh7+ Kc8 49. Nc7 Nc6 50. c3 Na7 51. Ne8 Kb8 52. Nxd6 Be3 53.
Rb7+ Ka8 54. Rh7 Kb8 55. Kb3 Bg5 56. c4 bxc4+ 57. Kxc4 Nc6 58. Rb7+ Ka8 59. Rc7
Nd4 60. b5 Ne6 61. b6 1-0

[Event "DRUGA LIGA CENTRALNE SRBIJE 2011 - ZAPAD"]
[Site "?"]
[Date "2011.10.14"]
[Round "8.6"]
[White "Sadikovic, Samir"]
[Black "Milosevic, Slavisa"]
[Result "0-1"]
[WhiteElo "2126"]
[BlackElo "2257"]
[PlyCount "88"]
[EventDate "2011.09.11"]

1. e4 c5 2. Nf3 a6 3. d4 cxd4 4. Nxd4 Nf6 5. Nc3 e5 6. Nb3 Bb4 7. Qf3 d5 8.
exd5 Qxd5 9. Qg3 O-O 10. Bh6 Bxc3+ 11. bxc3 Qe4+ 12. Be2 Qg6 13. Qxg6 hxg6 14.
Be3 Bf5 15. Bf3 Be4 16. Nc5 Bxf3 17. gxf3 b5 18. a4 Nc6 19. Ke2 Nd5 20. Bd2
Rfe8 21. Rhb1 Nc7 22. h4 Na5 23. Rh1 Nc4 24. h5 gxh5 25. Rxh5 Rad8 26. Be1 g6
27. Rh4 Nd5 28. Nxa6 Nf4+ 29. Kf1 bxa4 30. Rxa4 Nd2+ 31. Bxd2 Rxd2 32. Re4 Rd1+
33. Re1 Rxe1+ 34. Kxe1 Ng2+ 35. Ke2 Nxh4 36. c4 Nf5 37. c3 Ra8 38. Nb4 Rc8 39.
Kd3 Nd6 40. Nd5 Rxc4 41. Nf6+ Kf8 42. Nd7+ Ke7 43. Nxe5 Rc7 44. f4 Ke6 0-1